<?xml version="1.0" encoding="UTF-8"?>
<record
    xmlns:xsi="http://www.w3.org/2001/XMLSchema-instance"
    xsi:schemaLocation="http://www.loc.gov/MARC21/slim http://www.loc.gov/standards/marcxml/schema/MARC21slim.xsd"
    xmlns="http://www.loc.gov/MARC21/slim">

  <leader>03399aam a2200409 i 4500</leader>
  <controlfield tag="001">60339</controlfield>
  <controlfield tag="003">CO-BoRNBP</controlfield>
  <controlfield tag="005">20260123151841.0</controlfield>
  <controlfield tag="007">ta</controlfield>
  <controlfield tag="008">251001s2021    ck abdofr     000 0 spa d</controlfield>
  <datafield tag="020" ind1=" " ind2=" ">
    <subfield code="a">9789588927626</subfield>
  </datafield>
  <datafield tag="020" ind1=" " ind2=" ">
    <subfield code="a">9588927625</subfield>
  </datafield>
  <datafield tag="040" ind1=" " ind2=" ">
    <subfield code="a">CO-BoUNC</subfield>
    <subfield code="b">spa</subfield>
    <subfield code="e">rda</subfield>
    <subfield code="c">CO-BoUNC</subfield>
  </datafield>
  <datafield tag="082" ind1="0" ind2="4">
    <subfield code="a">578.730913</subfield>
    <subfield code="b">E199e</subfield>
    <subfield code="2">23</subfield>
  </datafield>
  <datafield tag="245" ind1="0" ind2="0">
    <subfield code="a">Ecosistemas tropicales y sus conflictos :</subfield>
    <subfield code="b">estudio de caso en el piedemonte de la Orinoqu&#xFFFD;a /</subfield>
    <subfield code="c">[editores Eliud Daniel V&#xFFFD;lez-L&#xFFFD;pez, Martha Luc&#xFFFD;a Ortiz-Moreno ; fotograf&#xFFFD;as Ernesto Urrea M&#xFFFD;ndez].</subfield>
  </datafield>
  <datafield tag="250" ind1=" " ind2=" ">
    <subfield code="a">Primera edici&#xFFFD;n</subfield>
  </datafield>
  <datafield tag="264" ind1=" " ind2="1">
    <subfield code="a">Villavicencio :</subfield>
    <subfield code="b">Universidad de los Llanos</subfield>
    <subfield code="b">Editorial Unillanos,</subfield>
    <subfield code="c">2021.</subfield>
  </datafield>
  <datafield tag="300" ind1=" " ind2=" ">
    <subfield code="a">129 p&#xFFFD;ginas :</subfield>
    <subfield code="b">ilustraciones (principalmente a color), diagramas, fotograf&#xFFFD;as, mapas ;</subfield>
    <subfield code="c">24 cm.</subfield>
  </datafield>
  <datafield tag="336" ind1=" " ind2=" ">
    <subfield code="a">texto</subfield>
    <subfield code="b">txt</subfield>
    <subfield code="2">rdacontent</subfield>
  </datafield>
  <datafield tag="337" ind1=" " ind2=" ">
    <subfield code="a">sin mediaci&#xFFFD;n</subfield>
    <subfield code="b">n</subfield>
    <subfield code="2">rdamedia</subfield>
  </datafield>
  <datafield tag="338" ind1=" " ind2=" ">
    <subfield code="a">volumen</subfield>
    <subfield code="b">nc</subfield>
    <subfield code="2">rdacarrier</subfield>
  </datafield>
  <datafield tag="500" ind1=" " ind2=" ">
    <subfield code="a">Incluye perfil acad&#xFFFD;mico de los autores en la solapa del libro</subfield>
  </datafield>
  <datafield tag="504" ind1=" " ind2=" ">
    <subfield code="a">Incluye referencias bibliogr&#xFFFD;ficas al final de cada cap&#xFFFD;tulo</subfield>
  </datafield>
  <datafield tag="505" ind1="0" ind2=" ">
    <subfield code="a">1. Conflictos y biodiversidad en la reserva forestal protectora (RFP) Buenavista, sector vereda El Carmen --2. Estado actual de las reservas forestales protectoras Cerro Vanguardia y Quebrada Vanguardia y Ca&#xFFFD;o Vanguardiuno -- 3. Organismos ed&#xFFFD;ficos y ciclos biogeoqu&#xFFFD;micos en cuatro coberturas vegetales de un agroecosistema de la Orinoquia -- 4. Consideraciones finales.</subfield>
  </datafield>
  <datafield tag="520" ind1="3" ind2=" ">
    <subfield code="a">Los ecosistemas de la Orinoquia prestan servicios ambientales asociados a la regulaci&#xFFFD;n, provisi&#xFFFD;n y la cultura. Las reservas naturales en la Orinoquia son &#xFFFD;reas protegidas de importancia para la vida silvestre, especialmente aquellas en riesgo de extinci&#xFFFD;n. Son &#xFFFD;reas que prestan servicios ecosist&#xFFFD;micos al casco urbano de Villavicencio y, al mismo tiempo, son ejemplos de conservaci&#xFFFD;n ambiental y escenarios de bienestar. Por otro lado, los agroecosistemas poseen una alta riqueza biol&#xFFFD;gica. Sin embargo, las actividades antr&#xFFFD;picas, como la introducci&#xFFFD;n de especies ex&#xFFFD;ticas, la contaminaci&#xFFFD;n, la tala ilegal, la miner&#xFFFD;a, los incendios forestales y la urbanizaci&#xFFFD;n por el crecimiento poblacional, han disminuido las especies de fauna y flora de todos los grupos biol&#xFFFD;gicos. Es por ello, que la academia desempe&#xFFFD;a un papel fundamental en la formaci&#xFFFD;n de seres conscientes de la fragilidad de la riqueza natural y del uso sustentable de los recursos biol&#xFFFD;gicos. Ecosistemas tropicales y sus conflictos: estudios de caso en el Piedemonte de la Orinoqu&#xFFFD;a es un libro que recoge los resultados de muestreo y an&#xFFFD;lisis sobre las &#xFFFD;reas de gran importancia ecol&#xFFFD;gica de la Orinoquia, espec&#xFFFD;ficamente del municipio de Villavicencio.-- Contracubierta</subfield>
  </datafield>
  <datafield tag="650" ind1="1" ind2="7">
    <subfield code="a">Bosques tropicales</subfield>
    <subfield code="x">&#xFFFD;reas de conservaci&#xFFFD;n</subfield>
    <subfield code="2">LEMB</subfield>
    <subfield code="9">68358</subfield>
  </datafield>
  <datafield tag="650" ind1="1" ind2="7">
    <subfield code="a">Servicios ecosist&#xFFFD;micos</subfield>
    <subfield code="z">Pie de Monte (Villavicencio, Colombia)</subfield>
    <subfield code="2">BLAA</subfield>
    <subfield code="9">68359</subfield>
  </datafield>
  <datafield tag="650" ind1="1" ind2="7">
    <subfield code="a">&#xFFFD;reas de conservaci&#xFFFD;n de recursos naturales</subfield>
    <subfield code="2">LEMB</subfield>
    <subfield code="9">68360</subfield>
  </datafield>
  <datafield tag="650" ind1="1" ind2="7">
    <subfield code="a">Biodiversidad</subfield>
    <subfield code="2">LEMB</subfield>
    <subfield code="9">5703</subfield>
  </datafield>
  <datafield tag="650" ind1="1" ind2="7">
    <subfield code="a">Biodiversidad</subfield>
    <subfield code="2">LEMB</subfield>
    <subfield code="9">5703</subfield>
  </datafield>
  <datafield tag="650" ind1="1" ind2="7">
    <subfield code="a">Ecolog&#xFFFD;a</subfield>
    <subfield code="2">BLAA</subfield>
    <subfield code="9">68361</subfield>
  </datafield>
  <datafield tag="700" ind1="1" ind2=" ">
    <subfield code="a">Velez, Eliud Daniel</subfield>
    <subfield code="e">autor</subfield>
    <subfield code="9">68362</subfield>
  </datafield>
  <datafield tag="700" ind1="1" ind2=" ">
    <subfield code="a">Ort&#xFFFD;z Moreno, Martha Lucia</subfield>
    <subfield code="e">autor</subfield>
    <subfield code="9">68363</subfield>
  </datafield>
  <datafield tag="700" ind1="1" ind2=" ">
    <subfield code="a">Urrea-Mendez, Ernesto</subfield>
    <subfield code="e">fot&#xFFFD;grafo</subfield>
    <subfield code="9">68364</subfield>
  </datafield>
  <datafield tag="700" ind1="1" ind2=" ">
    <subfield code="a">L&#xFFFD;pez-Gonz&#xFFFD;lez, Sonia</subfield>
    <subfield code="e">fot&#xFFFD;grafo</subfield>
    <subfield code="9">68365</subfield>
  </datafield>
  <datafield tag="942" ind1=" " ind2=" ">
    <subfield code="2">ddc</subfield>
    <subfield code="c">BK</subfield>
  </datafield>
  <datafield tag="999" ind1=" " ind2=" ">
    <subfield code="c">60339</subfield>
    <subfield code="d">60339</subfield>
  </datafield>
  <datafield tag="952" ind1=" " ind2=" ">
    <subfield code="0">0</subfield>
    <subfield code="1">0</subfield>
    <subfield code="2">ddc</subfield>
    <subfield code="4">0</subfield>
    <subfield code="7">0</subfield>
    <subfield code="a">MESGUARO</subfield>
    <subfield code="b">MESGUARO</subfield>
    <subfield code="d">2026-01-23</subfield>
    <subfield code="l">0</subfield>
    <subfield code="o">578.730913 E199e</subfield>
    <subfield code="p">SG04467</subfield>
    <subfield code="r">2026-01-23 15:19:40</subfield>
    <subfield code="t">Ej.1</subfield>
    <subfield code="w">2026-01-23</subfield>
    <subfield code="y">BK</subfield>
  </datafield>
</record>
